000 01135nam a22002057a 4500
003 OSt
005 20260220081702.0
008 260220b |||||||| |||| 00| 0 eng d
020 _a9780142410363
040 _aDWCL GS library
_cOC
082 _aFic. D131j 1995
100 _aDahl, Roald
245 _ajames and the giant peach
_cRoald Dahl
260 _aNew York
_bPenguin Group, Inc.
_cc1961
300 _a146
_billustrations
_c20cm
520 _aWhen james accidentally drop some magic crystals by the old peach tree, strange things start to happen. The peach at the top of the three begins to grow, and before long it's big as a house. Then james discovers a secret entranceway into the fruit, and when he crawls inside, he meets a bunch of oversized friends-grasshopper, centipede, ladybug, and more. After years of feeling like an outsider in his aunt's house, james has finally found a place where he belongs. With a snip of the stem, the peach starts rolling away, and the adventure begins!
546 _aEnglish
700 _aRoald Dahl
942 _2ddc
_cFIC.
_hFic. D131j 1995
_n0
999 _c8476
_d8476